000 00303nam a22001337a 4500
020 _a030002880
082 _a338.9 REY
100 _aREYNOLDS,L.C
245 _aIMAGE AND REALITY IN ECONOMIC DEVELOPMENT
260 _aLONDON
_c1977
300 _axi.497p,
_b23cm
500 _ainclude index
942 _cBK
999 _c16772
_d16772